Torschützenkönige der 2.Bundesliga seit der Saison 2009/10 - Statistiken

Allgemein
  • Dieses Quiz wurde 49 mal gespielt
  • Das Durchschnittsergebnis liegt bei 12 aus 20
Antwortstatistiken
Saison Verein Nationalität Torschützenkönig Anzahl Tore % Korrekt
15/16 VfL Bochum Deutschland Simon Terodde 25
98%
16/17 VfB Stuttgart Deutschland Simon Terodde 25
98%
18/19 1. FC Köln Deutschland Simon Terodde 29
98%
21/22 FC Schalke 04 Deutschland Simon Terodde 30
98%
22/23 1. FC Heidenheim Deutschland Tim Kleindienst 25
91%
Hamburger SV Deutschland Robert Glatzel 22
87%
Hertha BSC Bosnien und Herzegowina Haris Tabaković 22
82%
23/24 Fortuna Düsseldorf Griechenland Christos Tzolis 22
73%
19/20 Arminia Bielefeld Deutschland Fabian Klos 21
73%
11/12 Eintracht Frankfurt Deutschland Alex Meier 17
60%
12/13 Eintracht Braunschweig DR Kongo Domi Kumbela 19
58%
10/11 Energie Cottbus Deutschland Nils Petersen 25
47%
20/21 SV Darmstadt 98 Türkei/Deutschland Serdar Dursun 27
44%
17/18 Holstein Kiel Deutschland Marvin Ducksch 18
40%
14/15 Karlsruher SC Deutschland Rouwen Hennings 17
33%
09/10 FC Augsburg Deutschland Michael Thurk 23
29%
13/14 SC Paderborn 07 Türkei Mahir Sağlık 15
27%
SpVgg Greuther Fürth Kanada Olivier Occéan 17
27%
SC Paderborn 07 Deutschland Nick Proschwitz 17
18%
FC Erzgebirge Aue Slowakei Jakub Sylvestr 15
11%
Keine übereinstimmenden Quizze gefunden
Verteilung der Resultate
Anzahl Personen mit jedem Resultat
Perzentil nach korrekt beantworteten Fragen
Ihre Resultats-Entwicklung
Sie haben dieses Quiz noch nicht gespielt